Základné dokumenty americkej demokracie /
Uložené v:
| Ďalší autori: | |
|---|---|
| Médium: | Kniha |
| Jazyk: | Slovak |
| Vydané: |
Washington :
Informačná agentúra Spojených štátov,
[2002].
|
| Vydanie: | [1. vyd.] |
| Témy: | |
| ISBN: |
(brož.) |
| Fyzický popis: |
ii, 199 s. ; 23 cm. |
| Tagy: |
Pridať tag
Žiadne tagy, Buďte prvý kto otaguje tento záznam!
|
Titul je dostupný aj v ... 

MARC
| LEADER | 00000nam a2200000 a 4500 | ||
|---|---|---|---|
| 001 | 000000806 | ||
| 005 | 20100903074044.0 | ||
| 008 | 040324s2002 xxu e 000 0 slo d | ||
| 020 | |a (brož.) | ||
| 040 | |a SVKKK |b slo |c SVKKK |e AACR2 | ||
| 041 | 0 | |a slo | |
| 043 | |a n-us--- | ||
| 044 | |a xxu |c US | ||
| 072 | 7 | |a 321 |x Politológia |2 konspekt | |
| 080 | |a 321.7 |2 2001 | ||
| 080 | |a (73) |2 2001 | ||
| 080 | |a (094) |2 2001 | ||
| 245 | 0 | 0 | |a Základné dokumenty americkej demokracie / |c zostavil Melvin I. Urofsky. |
| 250 | |a [1. vyd.] | ||
| 260 | |a Washington : |b Informačná agentúra Spojených štátov, |c [2002]. | ||
| 300 | |a ii, 199 s. ; |c 23 cm. | ||
| 504 | |a Bibl. odkazy | ||
| 650 | 0 | 7 | |a demokracia |2 SVKKKPH |
| 651 | 7 | |a Spojené štáty americké |2 SVKKKPH | |
| 655 | 7 | |a dokumenty |2 SVKKKPH | |
| 655 | 7 | |a zákony |2 SVKKKPH | |
| 700 | 1 | |a Urofsky, Melvin I. |4 com | |
| 910 | |a svkkk | ||
| 998 | |a BK | ||
| 090 | |g SCKUS |k Americké centrum |a IV.190367 |j 960249 |i 2720021885 |s Voľný výber | ||
| 090 | |g SCKUS |k Americké centrum |a IV.190368 |j 960250 |i 2720021884 |4 dar-výmena |s Vyradená | ||
| 090 | |g SCKUS |k Americké centrum |a IV.208724 |j 1018641 |i 2720116799 |s Voľný výber | ||